Every Class 1 Wyoming Senator - Statistics

General Stats
  • This quiz has been taken 13 times
  • The average score is 4 of 9
Answer Stats
Picture Hint Answer % Correct
R(2007-) John Barrasso
100%
R(1995-2007) Craig L. Thomas
67%
R(1895-1917) Clarence D. Clark
33%
R(1890-1895) Francis E. Warren
33%
R(1953-1959) Frank A. Barrett
33%
D(1959-1977) Gale W. McGee
33%
D(1917-1934) John B. Kendrick
33%
D(1934-1953) Joseph C. O'Mahoney
33%
R(1977-1995) Malcolm Wallop
33%
No matching quizzes found
Score Distribution
Percent of People with Each Score
Percentile by Number Answered
Your Score History
You have not taken this quiz